| 000 | 00563 a2200169 4500 | ||
|---|---|---|---|
| 020 |
_a8189581031 _c304.00 |
||
| 035 | _aB-211112 | ||
| 037 | _bRP-BLI-397 / PANSY-07-08:5 / RP-07-08:ENG | ||
| 090 |
_c4036 _d4036 |
||
| 100 | 1 | _aMishra, Deepak | |
| 245 | 1 |
_aSelf assessment & review PSM and biostatistics _cby Deepak Mishra |
|
| 250 | _a3rd ed. | ||
| 260 |
_aLucknow _bArora Medical Book Publishers _c2007 |
||
| 300 |
_axvi, 510 p _c26.5 cm (pbk) |
||
| 942 |
_adpl _cEN |
||
| 999 |
_c3953 _d3953 |
||